[Event "Titled Tue 27th May Late"]
[Site "chess.com INT"]
[Date "2025.05.27"]
[Round "9"]
[White "Donchenko, Alexander"]
[Black "Wagner, Dennis"]
[Result "1/2-1/2"]
[WhiteTitle "GM"]
[BlackTitle "GM"]
[WhiteElo "2615"]
[BlackElo "2616"]
[WhiteFideId "24603295"]
[BlackFideId "24650684"]
[EventDate "2025.05.27"]

1. Nf3 c5 2. c4 Nf6 3. g3 b6 4. Bg2 Bb7 5. O-O e6 6. Nc3 Be7 7. Re1 d5 8. cxd5
Nxd5 9. e4 Nb4 10. d4 cxd4 11. Nxd4 N8c6 12. Nxc6 Qxd1 13. Rxd1 Bxc6 14. a3 Nc2
15. Rb1 Rd8 16. Rxd8+ Bxd8 17. Bf4 g5 18. Bd6 Be7 19. e5 Bxg2 20. Kxg2 Bxd6 21.
exd6 Kd7 22. Rc1 Nd4 23. Ne4 Nb5 24. a4 Nxd6 25. Rd1 Ke7 26. Rxd6 f5 27. Rc6
fxe4 28. Rc7+ Kf6 29. Rxa7 Rc8 30. Rb7 Rc4 31. Rxb6 Rxa4 32. Kf1 Ra1+ 33. Ke2
Rh1 34. Rd6 Rxh2 35. b4 Rh1 36. Rd1 Rxd1 37. Kxd1 h5 38. Ke2 Ke5 39. b5 Kd5 40.
Ke3 h4 41. gxh4 gxh4 42. b6 Kc6 43. Kxe4 Kxb6 44. Kf4 Kc5 45. Kg4 Kd4 46. Kxh4
Kd3 47. Kg4 Ke2 48. f4 Ke3 49. Kg5 Kf3 50. Kf6 Kxf4 51. Kxe6 1/2-1/2

[Event "Titled Tue 27th May Late"]
[Site "chess.com INT"]
[Date "2025.05.27"]
[Round "9"]
[White "Svane, Frederik"]
[Black "Le, Tuan Minh"]
[Result "1/2-1/2"]
[WhiteTitle "GM"]
[BlackTitle "GM"]
[WhiteElo "2671"]
[BlackElo "2598"]
[WhiteFideId "12923044"]
[BlackFideId "12401153"]
[EventDate "2025.05.27"]

1. e4 e5 2. Nf3 Nc6 3. Bc4 Bc5 4. d3 Nf6 5. Bg5 d6 6. c3 a6 7. Nbd2 Ba7 8. O-O
h6 9. Bh4 O-O 10. Kh1 Be6 11. Bxe6 fxe6 12. b4 Qe8 13. a4 Ne7 14. d4 exd4 15.
cxd4 Ng6 16. Bg3 Nh5 17. Rc1 Rc8 18. Qb3 Nhf4 19. Rfe1 Kh7 20. b5 axb5 21. axb5
Qf7 22. Nc4 e5 23. dxe5 dxe5 24. Red1 Ne2 25. Rc2 Nd4 26. Nxd4 Bxd4 27. Na5 Qxb3
28. Nxb3 Bb6 29. h4 Rcd8 30. Rxd8 Rxd8 31. Nc5 Rd1+ 32. Kh2 Rb1 33. Nxb7 Rxb5
34. Nd8 Rb4 35. f3 Rb1 36. Ne6 h5 37. Ng5+ Kg8 38. Rc6 Nf4 39. Bxf4 exf4 40. Nh3
Be3 41. Rxc7 Kf8 42. Rd7 g6 43. Ng5 Bg1+ 44. Kh3 Be3 45. Kh2 Bg1+ 46. Kh3 Be3
47. Kh2 1/2-1/2

[Event "Titled Tue 27th May Late"]
[Site "chess.com INT"]
[Date "2025.05.27"]
[Round "9"]
[White "Arya G Mallar"]
[Black "Silva, Pedro Gil Ferreira Da"]
[Result "1-0"]
[WhiteTitle "WCM"]
[BlackTitle "FM"]
[WhiteElo "2014"]
[BlackElo "2262"]
[WhiteFideId "25115324"]
[BlackFideId "1946102"]
[EventDate "2025.05.27"]

1. c4 e5 2. Nc3 Nf6 3. g3 c6 4. Nf3 d5 5. Nxe5 d4 6. Nb1 Bd6 7. Nf3 c5 8. Bg2
Nc6 9. O-O Bf5 10. d3 Qd7 11. a3 O-O-O 12. b4 h5 13. h4 Ne5 14. bxc5 Nxf3+ 15.
Bxf3 Bxc5 16. Qb3 Ng4 17. Bf4 f6 18. Nd2 g5 19. hxg5 h4 20. Rfb1 b6 21. Ne4 Bxe4
22. Bxe4 hxg3 23. Bxg3 Bd6 24. Qb5 Qc7 25. Qf5+ Kb8 26. Qxg4 f5 27. Bxf5 Rdg8
28. c5 Bxg3 29. Qxg3 Qxg3+ 30. fxg3 Rxg5 31. g4 Rhg8 32. Kf2 Kc7 33. cxb6+ axb6
34. Rc1+ Kd6 35. Rab1 Rb8 36. Rb5 Ra8 37. Rxb6+ Ke5 38. Rc5+ Kf4 39. Rb4 Rd8 40.
a4 Rg7 41. e3+ Kg5 42. Rxd4 Rb8 43. a5 Rb2+ 44. Kf3 Rb1 45. a6 Rf1+ 46. Kg2 Ra1
47. Rc6 Kh4 48. Rh6+ Kg5 49. Rh5+ Kf6 50. Rd6+ Ke5 51. Re6+ Kd5 52. Rb6 Ra2+ 53.
Kg3 Rc7 54. Be4# 1-0

[Event "Titled Tue 27th May Late"]
[Site "chess.com INT"]
[Date "2025.05.27"]
[Round "9"]
[White "Shukhman, Anna"]
[Black "Garcia, Jhoel"]
[Result "1-0"]
[WhiteTitle "WGM"]
[BlackTitle "IM"]
[WhiteElo "2413"]
[BlackElo "2304"]
[WhiteFideId "54180058"]
[BlackFideId "3801110"]
[EventDate "2025.05.27"]

1. e4 c5 2. Nf3 a6 3. Nc3 Nc6 4. d4 cxd4 5. Nxd4 e6 6. Be3 Nf6 7. f4 Bb4 8. Nxc6
bxc6 9. e5 Nd5 10. Bd2 Qa5 11. Qf3 O-O 12. Bd3 f5 13. exf6 Rxf6 14. O-O Nxc3 15.
bxc3 Bc5+ 16. Kh1 d5 17. Qh5 g6 18. Qe5 Qd8 19. f5 Bd6 20. Qe1 gxf5 21. Bg5 Qf8
22. Bxf6 Qxf6 23. Qe3 c5 24. Rae1 Bd7 25. Qf3 Rf8 26. c4 Bc6 27. Qe3 Re8 28.
cxd5 Bxd5 29. c4 Qh4 30. Qg1 Bc6 31. Be2 Re7 32. Bf3 Bxf3 33. Rxf3 Rg7 34. Rxe6
Bf4 35. g3 Bxg3 36. Rxg3 Rg4 37. Rxg4+ fxg4 38. Qg3 Qh5 39. Qb8+ Kf7 40. Qe8+ 1-0

[Event "Titled Tue 27th May Late"]
[Site "chess.com INT"]
[Date "2025.05.27"]
[Round "9"]
[White "Hiwale, Ronak"]
[Black "Hiermann, Dietmar"]
[Result "1-0"]
[BlackTitle "FM"]
[WhiteElo "2105"]
[BlackElo "2216"]
[WhiteFideId "30975336"]
[BlackFideId "1602918"]
[EventDate "2025.05.27"]

1. Nf3 Nf6 2. g3 e6 3. Bg2 c5 4. O-O Be7 5. d3 O-O 6. Nc3 d5 7. e4 Nc6 8. Re1
Rb8 9. exd5 Nxd5 10. Nxd5 Qxd5 11. Bf4 Ra8 12. Ng5 Qd8 13. Qh5 h6 14. Ne4 Kh7
15. Nxc5 Qa5 16. d4 Nxd4 17. Re5 Bd6 18. Nb3 Qb6 19. Nxd4 Qxd4 20. c3 Qb6 21.
Rb5 Qc7 22. Be4+ f5 23. Bxd6 Qxd6 24. Bf3 a6 25. Rb4 Rb8 26. Rd1 Qe7 27. Rc4 b5
28. Rcd4 Qf6 29. Be2 Bb7 30. Bf3 Bxf3 31. Qxf3 Rbd8 32. Qe3 Rxd4 33. Rxd4 e5 34.
Rd5 Re8 35. Qc5 f4 36. Rd6 Qf7 37. Qd5 Qf5 38. Qd3 Qe4 39. Qxe4+ 1-0

[Event "Titled Tue 27th May Late"]
[Site "chess.com INT"]
[Date "2025.05.27"]
[Round "9"]
[White "Tari, Aryan"]
[Black "Goryachkina, Aleksandra"]
[Result "1-0"]
[WhiteTitle "GM"]
[BlackTitle "GM"]
[WhiteElo "2636"]
[BlackElo "2544"]
[WhiteFideId "1510045"]
[BlackFideId "4147103"]
[EventDate "2025.05.27"]

1. e4 e5 2. Nf3 Nc6 3. d4 exd4 4. Nxd4 Nf6 5. Nxc6 bxc6 6. Nd2 d5 7. exd5 cxd5
8. Bb5+ Bd7 9. Bxd7+ Qxd7 10. O-O Be7 11. b3 O-O 12. Bb2 c6 13. Qf3 Ng4 14. Rad1
Bd6 15. g3 Be5 16. Ba3 Rfe8 17. h3 Nf6 18. Kg2 a5 19. Nc4 Bc7 20. Ne3 Be5 21. c4
d4 22. Bc5 d3 23. Ng4 d2 24. Be3 Nxg4 25. hxg4 Bc3 26. Qf5 Rad8 27. Rh1 Qxf5 28.
gxf5 g6 29. Kf3 gxf5 30. Rh5 Re5 31. Ke2 a4 32. bxa4 Rde8 33. Kf3 Ra5 34. Rdh1
Rxa4 35. Rg5+ 1-0

[Event "Titled Tue 27th May Late"]
[Site "chess.com INT"]
[Date "2025.05.27"]
[Round "9"]
[White "Amarasinghe, A A C B"]
[Black "Vazelakis, Dimitrios"]
[Result "0-1"]
[WhiteTitle "CM"]
[WhiteElo "1949"]
[BlackElo "1857"]
[WhiteFideId "9901809"]
[BlackFideId "4203674"]
[EventDate "2025.05.27"]

1. d4 e6 2. c4 f5 3. g3 Nf6 4. Bg2 Be7 5. Nf3 O-O 6. O-O d6 7. b3 a5 8. Bb2 a4
9. bxa4 Bd7 10. Nc3 Ne4 11. Nxe4 fxe4 12. Nd2 e3 13. fxe3 Nc6 14. Nb3 Bg5 15.
Qd2 Rxa4 16. c5 Bf6 17. d5 Ne5 18. Bxe5 Bxe5 19. Rac1 Rxf1+ 20. Bxf1 Qa8 21. Rc2
Kh8 22. Bh3 Qc8 23. cxd6 Bxd6 24. dxe6 Bxe6 25. Qxd6 Bxh3 26. Rxc7 Qg8 27. Rxb7
Ra8 28. Nd4 h6 29. a4 Qf8 30. Qxf8+ Rxf8 31. Nf3 Ra8 32. Rb4 Bd7 33. Kf2 Bxa4
34. e4 Bc6 35. Ke3 Re8 36. h4 Kh7 37. Kf4 Rf8+ 0-1

[Event "Titled Tue 27th May Late"]
[Site "chess.com INT"]
[Date "2025.05.27"]
[Round "9"]
[White "Demchenko, Anton"]
[Black "Suleymanli, Suleyman"]
[Result "1-0"]
[WhiteTitle "GM"]
[BlackTitle "FM"]
[WhiteElo "2619"]
[BlackElo "2322"]
[WhiteFideId "4160258"]
[BlackFideId "13416375"]
[EventDate "2025.05.27"]

1. e4 e6 2. d3 d5 3. Nd2 c5 4. g3 Nc6 5. Bg2 Nge7 6. h4 b6 7. Ngf3 Bb7 8. c3 Qc7
9. Qe2 dxe4 10. Nxe4 Nd5 11. O-O Be7 12. c4 Nf6 13. Bf4 Qd7 14. Rad1 O-O 15. Ne5
Nxe5 16. Bxe5 Nxe4 17. dxe4 Qc6 18. Qg4 f6 19. Bc3 Rad8 20. h5 Kf7 21. Qf4 Kg8
22. h6 g6 23. f3 e5 24. Qe3 Qa4 25. Qe2 Bc8 26. b3 Qc6 27. f4 exf4 28. gxf4 Bb7
29. Rd5 Qe6 30. Qf3 Bxd5 31. cxd5 Qd6 32. Qg3 c4 33. b4 Qd7 34. Bh3 f5 35. Re1
a5 36. exf5 Bf6 37. fxg6 Qxd5 38. Bxf6 Qd3 39. Be6+ 1-0

[Event "Titled Tue 27th May Late"]
[Site "chess.com INT"]
[Date "2025.05.27"]
[Round "9"]
[White "Khodabandeh, Milad"]
[Black "Tarnowska, Aleksandra"]
[Result "1-0"]
[WhiteTitle "CM"]
[BlackTitle "WCM"]
[WhiteElo "1957"]
[BlackElo "1882"]
[WhiteFideId "12538620"]
[BlackFideId "1180967"]
[EventDate "2025.05.27"]

1. e4 c5 2. Nf3 e6 3. d4 cxd4 4. Nxd4 a6 5. Nc3 Qc7 6. Be2 b5 7. O-O Bb7 8. Be3
Nf6 9. f3 Bc5 10. Qd2 O-O 11. Rfd1 d5 12. exd5 Nxd5 13. Nxd5 Bxd5 14. Kh1 Nd7
15. Nf5 Bxe3 16. Qxe3 Nf6 17. Nxg7 Kxg7 18. Qg5+ Kh8 19. Qxf6+ Kg8 20. Rd4 Rfc8
21. Rg4+ Kf8 22. Rg7 Ke8 23. Rg8+ Kd7 24. Qxf7+ Kc6 25. Qxc7+ Kxc7 26. Rg7+ Kb6
27. Bd3 h6 28. a4 b4 29. a5+ Kc6 30. Re1 Kd6 31. b3 Rc5 32. Ra1 Rc3 33. Rg4 Kc6
34. Rxb4 Rd8 35. Bxa6 Kc7 36. Bd3 Bxb3 37. Rxb3 Rxb3 38. cxb3 Rxd3 39. b4 Kb7
40. b5 e5 41. a6+ Ka7 42. b6+ Kxb6 43. a7 1-0

[Event "Titled Tue 27th May Late"]
[Site "chess.com INT"]
[Date "2025.05.27"]
[Round "9"]
[White "Topuz, Mirac Melih"]
[Black "Ferreira, Vitor Hugo Vieira"]
[Result "0-1"]
[WhiteTitle "CM"]
[WhiteElo "2130"]
[BlackElo "2128"]
[WhiteFideId "26364611"]
[BlackFideId "2119765"]
[EventDate "2025.05.27"]

1. d4 Nf6 2. c4 g6 3. Nc3 Bg7 4. Nf3 O-O 5. Bg5 c5 6. d5 d6 7. e3 a6 8. Be2 b5
9. cxb5 axb5 10. Bxb5 e6 11. dxe6 Bxe6 12. O-O d5 13. h3 h6 14. Bh4 g5 15. Bg3
Ne4 16. Nxe4 dxe4 17. Ne5 Qb6 18. a4 Na6 19. Qe2 Nb4 20. Rad1 Rfd8 21. Nc4 Qb7
22. Nd6 Qe7 23. Nxe4 Bb3 24. Rxd8+ Rxd8 25. Nc3 Bc2 26. Rc1 Bd3 27. Bxd3 Nxd3
28. Rd1 c4 29. Qc2 Qb4 30. Na2 Qc5 31. b3 Rc8 32. Qxc4 Qxc4 33. bxc4 Nb2 34. Rc1
Nxa4 35. Nb4 Bf8 36. Nd5 Nb2 37. c5 Rxc5 38. Rxc5 Bxc5 39. Nf6+ Kg7 40. Ne4 Ba3
41. Be5+ Kg6 0-1

[Event "Titled Tue 27th May Late"]
[Site "chess.com INT"]
[Date "2025.05.27"]
[Round "9"]
[White "Ahmad, Khagan"]
[Black "Kilic, Eray"]
[Result "1/2-1/2"]
[WhiteTitle "IM"]
[BlackTitle "IM"]
[WhiteElo "2405"]
[BlackElo "2469"]
[WhiteFideId "13431552"]
[BlackFideId "44517173"]
[EventDate "2025.05.27"]

1. d4 Nf6 2. c4 e6 3. Nf3 d5 4. Nc3 Bb4 5. Bg5 dxc4 6. e4 b5 7. e5 h6 8. Bd2
Bxc3 9. bxc3 Nd5 10. a4 c6 11. g3 O-O 12. Bg2 Nd7 13. Nh4 f5 14. exf6 Qxf6 15.
O-O Bb7 16. Qh5 Qf7 17. Qg4 N7f6 18. Qe2 a6 19. f4 Rae8 20. Nf3 Nd7 21. Ne5 Nxe5
22. fxe5 Qe7 23. Qg4 c5 24. axb5 axb5 25. Bxh6 Rxf1+ 26. Rxf1 Nxc3 27. Bxb7 Qxb7
28. d5 exd5 29. e6 Rf8 30. Rxf8+ Kxf8 31. Qf4+ Ke8 32. Qe5 d4 33. Bxg7 Qf3 34.
Qb8+ Ke7 35. Qc7+ Kxe6 36. Qc8+ Ke7 37. Qc7+ Ke6 38. Qc8+ Ke7 39. Qc7+ Ke6 1/2-1/2

[Event "Titled Tue 27th May Late"]
[Site "chess.com INT"]
[Date "2025.05.27"]
[Round "9"]
[White "Buchenau, Frank"]
[Black "Lisenkov, Svyatoslav"]
[Result "0-1"]
[WhiteTitle "FM"]
[BlackTitle "CM"]
[WhiteElo "2190"]
[BlackElo "2241"]
[WhiteFideId "4604350"]
[BlackFideId "34264183"]
[EventDate "2025.05.27"]

1. e4 c5 2. g3 d5 3. exd5 Qxd5 4. Nf3 Bg4 5. Bg2 Qe6+ 6. Kf1 Nc6 7. h3 Bh5 8. d3
Nf6 9. Na3 Qd7 10. g4 Bg6 11. Nc4 Qc7 12. Nh4 e6 13. Nxg6 hxg6 14. a4 Be7 15.
Bd2 Nd5 16. c3 Rd8 17. Qf3 Ne5 18. Nxe5 Qxe5 19. Qe4 Qxe4 20. dxe4 Nb6 21. Ke2
Nc4 22. Bc1 Na5 23. Bf4 g5 24. Bc7 Rd7 25. Bxa5 b6 26. e5 O-O 27. Rhd1 Rc7 28.
Bxb6 axb6 29. a5 bxa5 30. Rxa5 Rb8 31. Rd2 c4 32. Kd1 g6 33. Kc2 Bf8 34. Rd4 Bg7
35. Bf1 Rcb7 36. Ra2 Bxe5 37. Rxc4 Rd7 38. Rca4 Rbd8 39. Ra8 Rd2+ 40. Kb3 Rxa8
41. Rxa8+ Kg7 42. f3 Rf2 43. Bb5 Rxf3 44. Ra7 Rxh3 45. Be8 Rf3 46. Kc4 Rf4+ 47.
Kc5 Kf8 48. Ra8 Rxg4 49. c4 Bxb2 50. Kc6 Rxc4+ 0-1

[Event "Titled Tue 27th May Late"]
[Site "chess.com INT"]
[Date "2025.05.27"]
[Round "9"]
[White "Kislinsky, Alexey"]
[Black "Rustamov, Rustam"]
[Result "0-1"]
[WhiteTitle "GM"]
[BlackTitle "FM"]
[WhiteElo "2350"]
[BlackElo "2323"]
[WhiteFideId "14108801"]
[BlackFideId "13440110"]
[EventDate "2025.05.27"]

1. d4 Nf6 2. c4 e6 3. Nf3 d5 4. e3 Be7 5. Nbd2 O-O 6. Bd3 a6 7. O-O dxc4 8. Nxc4
b5 9. Ncd2 Bb7 10. Qe2 Nbd7 11. a4 b4 12. e4 c5 13. e5 Nd5 14. Qe4 g6 15. Qg4
cxd4 16. Nc4 Nc5 17. Bc2 d3 18. Bd1 f5 19. exf6 Nxf6 20. Qh4 Nfe4 21. Qg4 Rc8
22. Be3 Nf6 23. Qh3 Nfe4 24. Nfe5 Bf6 25. Bg4 Qd5 26. f4 Bxe5 27. Nxe5 Nf6 28.
Bf3 Qd6 29. Bxb7 Nxb7 30. Rad1 Nc5 31. a5 Nd5 32. Nxd3 Nxe3 33. Qxe3 Nxd3 34.
Rxd3 Qc5 35. h3 Qxe3+ 36. Rxe3 Rc5 37. Rxe6 Rxa5 38. Rb6 Ra4 39. b3 Ra2 40. Rxb4
Re8 41. f5 h5 42. fxg6 Re6 43. Rb8+ Kg7 44. Rbf8 Kxg6 45. R8f2 Ra3 46. Rf3 Rb6
47. Rb1 a5 48. Rg3+ Kh6 49. Re1 a4 0-1

[Event "Titled Tue 27th May Late"]
[Site "chess.com INT"]
[Date "2025.05.27"]
[Round "9"]
[White "Pavlidou, Ekaterini"]
[Black "Yang, Daniel"]
[Result "0-1"]
[WhiteTitle "WIM"]
[BlackTitle "CM"]
[WhiteElo "2198"]
[BlackElo "2213"]
[WhiteFideId "4213262"]
[BlackFideId "30976340"]
[EventDate "2025.05.27"]

1. d4 Nf6 2. c4 e6 3. Nc3 Bb4 4. a3 Bxc3+ 5. bxc3 c5 6. e3 O-O 7. Bd3 b6 8. Ne2
Bb7 9. f3 d5 10. cxd5 exd5 11. a4 Re8 12. O-O Nc6 13. Ng3 Rc8 14. Re1 Ne7 15.
Ba3 Ng6 16. Nf5 Ne7 17. Ng3 Ng6 18. Qd2 a6 19. Rab1 c4 20. Bc2 Bc6 21. Nf5 Bd7
22. Nd6 Rc6 23. Nxe8 Qxe8 24. e4 Re6 25. exd5 Nxd5 26. Bf5 Rxe1+ 27. Rxe1 Qc8
28. Bxd7 Qxd7 29. Qc2 h6 30. g3 h5 31. Re4 h4 32. Kg2 Kh7 33. Rxh4+ Kg8 34. Re4
Kh7 35. h4 Qf5 36. h5 Ne3+ 37. Rxe3 Qxc2+ 38. Kh3 Qf5+ 39. g4 Nf4+ 40. Kg3 Qg5
41. Re5 Nxh5+ 42. Kh3 Nf4+ 43. Kg3 Qh6 44. Be7 f6 45. Rf5 Ne2+ 46. Kf2 Qh2+ 47.
Ke3 Ng3 48. Rd5 g5 49. f4 Qe2# 0-1

[Event "Titled Tue 27th May Late"]
[Site "chess.com INT"]
[Date "2025.05.27"]
[Round "9"]
[White "Barrientos, Ernesto"]
[Black "Sukandar, Irine Kharisma"]
[Result "0-1"]
[WhiteTitle "CM"]
[BlackTitle "IM"]
[WhiteElo "2027"]
[BlackElo "2330"]
[WhiteFideId "3701247"]
[BlackFideId "7101937"]
[EventDate "2025.05.27"]

1. e4 c5 2. Nf3 a6 3. c4 Nc6 4. d4 cxd4 5. Nxd4 Nf6 6. Nc3 d6 7. Be3 e6 8. Be2
Be7 9. Qd2 O-O 10. g4 Qc7 11. g5 Nd7 12. h4 Nde5 13. Nc2 Na5 14. b3 b5 15. cxb5
axb5 16. f4 Nd7 17. Nxb5 Qb7 18. Nxd6 Bxd6 19. Qxd6 Qxe4 20. O-O-O Bb7 21. Qxd7
Rac8 22. Bd3 Qxe3+ 23. Kb1 Qb6 24. h5 Bxh1 25. Rxh1 Nxb3 26. Qb5 Nd2+ 27. Kc1
Qxb5 28. Bxb5 Rb8 29. a4 Nb3+ 30. Kb2 Nc5 31. Nb4 Nxa4+ 32. Bxa4 Rxb4+ 33. Ka3
Rfb8 34. Rc1 Rxf4 35. h6 Ra8 36. Kb3 Rfxa4 37. hxg7 Kxg7 38. Rd1 Ra3+ 39. Kb4
R8a4+ 40. Kb5 Rg4 41. Rf1 Rxg5+ 42. Kc4 h5 43. Kd4 h4 44. Ke4 h3 45. Rh1 Rg6 46.
Kf4 Rb3 47. Ke4 Rg2 48. Kf4 h2 49. Ke4 Rbb2 50. Kf3 Rg1 51. Rxh2 Rxh2 52. Kf4 f5
53. Kf3 Kf6 54. Ke3 e5 55. Kf3 f4 56. Ke4 Re2+ 57. Kd5 Rd1+ 58. Kc4 f3 59. Kc3
f2 0-1

[Event "Titled Tue 27th May Late"]
[Site "chess.com INT"]
[Date "2025.05.27"]
[Round "9"]
[White "Karas, Eugenia"]
[Black "Sailer, Mike"]
[Result "1-0"]
[WhiteTitle "WFM"]
[WhiteElo "2124"]
[BlackElo "2108"]
[WhiteFideId "463485"]
[BlackFideId "2012901"]
[EventDate "2025.05.27"]

1. Nf3 d5 2. b3 Nf6 3. Bb2 Bf5 4. e3 e6 5. Be2 Be7 6. O-O O-O 7. d4 h6 8. Nbd2
c5 9. dxc5 Bxc5 10. c4 Nc6 11. cxd5 Qxd5 12. Bc4 Qd7 13. Qe2 Qe7 14. h3 Rfd8 15.
e4 Bh7 16. Rfd1 a6 17. a4 Nd4 18. Nxd4 Bxd4 19. Bxd4 Rxd4 20. e5 Ne4 21. Nxe4
Rxe4 22. Qb2 Rd8 23. Bd3 Rh4 24. Bxh7+ Kxh7 25. Qc2+ Kg8 26. Rxd8+ Qxd8 27. Rd1
Rd4 28. Rxd4 Qxd4 29. Qc8+ Kh7 30. Qxb7 Qa1+ 31. Kh2 Qxe5+ 32. g3 Qf5 33. Kg2 a5
34. b4 axb4 35. Qxb4 g5 36. a5 h5 37. Qb6 g4 38. h4 Qe4+ 39. Kh2 f5 40. a6 f4
41. Qb7+ Qxb7 42. axb7 1-0

[Event "Titled Tue 27th May Late"]
[Site "chess.com INT"]
[Date "2025.05.27"]
[Round "9"]
[White "Hernandez Bonilla, Amelia"]
[Black "Dambaev, Dashi"]
[Result "0-1"]
[WhiteTitle "WFM"]
[BlackTitle "CM"]
[WhiteElo "1976"]
[BlackElo "2211"]
[WhiteFideId "3900193"]
[BlackFideId "55628494"]
[EventDate "2025.05.27"]

1. d4 Nf6 2. Bf4 d5 3. e3 c5 4. Nf3 Nc6 5. Nbd2 cxd4 6. exd4 Bf5 7. c4 e6 8. Be2
Be7 9. O-O dxc4 10. Nxc4 O-O 11. h3 h6 12. Nce5 Be4 13. Nxc6 Bxc6 14. Rc1 Qb6
15. b3 Rfd8 16. Be3 Nd5 17. Ne5 Be8 18. Bg4 Nxe3 19. fxe3 Bg5 20. Qf3 f5 21. h4
Bxh4 22. Bh5 Bxh5 23. Qxh5 Bg5 24. Qf7+ Kh8 25. Rc7 Bxe3+ 26. Kh1 Rg8 27. Ng6+
Kh7 28. Ne5 Kh8 29. Qg6 Qxc7 30. Nf7+ Qxf7 31. Qxf7 Rae8 32. Qxb7 Bxd4 33. Qb4
Bb6 34. a4 e5 35. Rxf5 e4 36. Rf1 e3 37. Re1 e2 38. Qc4 Re7 39. Rxe2 Rc7 0-1

[Event "Titled Tue 27th May Late"]
[Site "chess.com INT"]
[Date "2025.05.27"]
[Round "9"]
[White "Dubnevych, Maksym"]
[Black "Toncheva, Nadya"]
[Result "1-0"]
[WhiteTitle "FM"]
[BlackTitle "FM"]
[WhiteElo "2292"]
[BlackElo "2332"]
[WhiteFideId "14184001"]
[BlackFideId "2924056"]
[EventDate "2025.05.27"]

1. Nc3 c5 2. Nf3 Nc6 3. d4 cxd4 4. Nxd4 g6 5. h4 h6 6. h5 g5 7. Nxc6 bxc6 8. Qd4
Nf6 9. e4 Bg7 10. e5 Ng8 11. f4 gxf4 12. Bxf4 d6 13. O-O-O Bg4 14. Rd2 dxe5 15.
Bxe5 Qxd4 16. Bxd4 Bxd4 17. Rxd4 Nf6 18. Ba6 Rb8 19. Bc4 Bxh5 20. Rdh4 Bg6 21.
Rxh6 Rxh6 22. Rxh6 Kd7 23. Rh1 Kc7 24. Re1 e6 25. Ne2 Rg8 26. Nf4 Bf5 27. Kd2
Rg4 28. Rf1 Nd5 29. Bxd5 cxd5 30. Rf2 Kd6 31. Ne2 Ke7 32. g3 Bg6 33. Rf4 Rxf4
34. Nxf4 Be4 35. Ne2 e5 36. Nc3 Bg2 37. b4 d4 38. Ne2 Kd6 39. c3 dxc3+ 40. Nxc3
Bc6 41. a4 f5 42. Ke3 f4+ 43. gxf4 exf4+ 44. Kxf4 a6 45. Ke3 Bd7 46. Kd4 Bc6 47.
Ne4+ Kc7 48. Nc5 Kb6 49. Kc4 a5 50. b5 Be8 51. Kd5 Bf7+ 52. Kd6 Be8 53. Nd7+ Kb7
54. Ne5 Kb6 55. Nc4+ Kb7 56. Nxa5+ Kb6 57. Nc4+ Ka7 58. Kc7 Ka8 59. b6 1-0

[Event "Titled Tue 27th May Late"]
[Site "chess.com INT"]
[Date "2025.05.27"]
[Round "9"]
[White "Xiong, Jeffery"]
[Black "Sarana, Alexey"]
[Result "1-0"]
[WhiteTitle "GM"]
[BlackTitle "GM"]
[WhiteElo "2636"]
[BlackElo "2686"]
[WhiteFideId "2047640"]
[BlackFideId "24133795"]
[EventDate "2025.05.27"]

1. c4 e6 2. Nc3 d5 3. d4 Bb4 4. Bd2 Nf6 5. Qa4+ Nc6 6. a3 Bxc3 7. Bxc3 Ne4 8.
Rc1 O-O 9. Nf3 Bd7 10. Qc2 Nxc3 11. Qxc3 dxc4 12. Qxc4 Ne7 13. e3 Bc6 14. Be2
Bd5 15. Qxc7 Qe8 16. O-O Rc8 17. Qa5 Nc6 18. Qd2 Qe7 19. b4 Rcd8 20. Qb2 Be4 21.
Nd2 Bg6 22. Bf3 Nb8 23. Nc4 Bd3 24. Rfd1 Bxc4 25. Rxc4 b6 26. Rdc1 Rd7 27. Qc2
g6 28. g3 e5 29. Qe4 exd4 30. Qxe7 Rxe7 31. Rxd4 Nd7 32. Rc7 Ne5 33. Rxe7 Nxf3+
34. Kg2 Nxd4 35. exd4 Rd8 36. Rxa7 Rxd4 37. b5 Rd3 38. a4 Ra3 39. Kf1 Ra2 40.
Ra6 h5 41. h4 Kf8 42. Ke1 Ke7 43. Kd1 f6 44. Kc1 g5 45. Kb1 Rxf2 46. Rxb6 gxh4
47. gxh4 Rf4 48. a5 Rxh4 49. a6 Ra4 50. Rb7+ Kd6 51. a7 h4 52. b6 h3 53. Rc7 h2
54. Rc1 Ra6 55. b7 Rb6+ 56. Ka2 Ra6+ 57. Kb3 Rb6+ 58. Ka4 1-0

[Event "Titled Tue 27th May Late"]
[Site "chess.com INT"]
[Date "2025.05.27"]
[Round "9"]
[White "Zlatkov, Anton"]
[Black "Karas, Marek"]
[Result "1-0"]
[WhiteTitle "FM"]
[BlackTitle "FM"]
[WhiteElo "2322"]
[BlackElo "2200"]
[WhiteFideId "15005402"]
[BlackFideId "14928558"]
[EventDate "2025.05.27"]

1. d4 d5 2. Nf3 Nf6 3. c4 c6 4. Nc3 e6 5. g3 Nbd7 6. cxd5 exd5 7. Bg2 Be7 8. O-O
O-O 9. Ne5 Nxe5 10. dxe5 Nd7 11. f4 a5 12. Kh1 Nc5 13. Be3 b6 14. f5 Bg5 15. Bd4
g6 16. h4 Bxh4 17. gxh4 Qxh4+ 18. Kg1 Bxf5 19. Qd2 Rab8 20. Rf4 Qg5 21. Be3 Ne6
22. Rf3 Qh4 23. Bh6 Qd4+ 24. Qxd4 Nxd4 25. Bxf8 Nxf3+ 26. exf3 Kxf8 27. Rc1 d4
28. Ne2 c5 29. f4 f6 30. Ng3 Be6 31. a3 Kf7 32. Ne4 fxe5 33. fxe5 Ke7 34. Nd6
Rf8 35. b4 axb4 36. axb4 c4 37. b5 c3 38. Be4 Rf4 39. Rd1 Rxe4 40. Nxe4 c2 41.
Rc1 d3 42. Kf2 Bf5 43. Nd2 Ke6 44. Nf3 Bg4 45. Nd2 1-0

[Event "Titled Tue 27th May Late"]
[Site "chess.com INT"]
[Date "2025.05.27"]
[Round "9"]
[White "Martin Fuentes, Alberto"]
[Black "Moroni, Luca Jr"]
[Result "1-0"]
[WhiteTitle "FM"]
[BlackTitle "GM"]
[WhiteElo "2376"]
[BlackElo "2546"]
[WhiteFideId "2292289"]
[BlackFideId "865834"]
[EventDate "2025.05.27"]

1. e4 d5 2. exd5 c6 3. dxc6 e5 4. Bc4 Nxc6 5. Nc3 Bc5 6. Nf3 Bg4 7. O-O Nf6 8.
Be2 O-O 9. d3 h6 10. Ne4 Nxe4 11. dxe4 Qb6 12. c3 a6 13. Qb3 Qa7 14. h3 Bh5 15.
Qc2 Rad8 16. b4 Bb6 17. a4 a5 18. b5 Bxf3 19. Bxf3 Ne7 20. Bb2 Ng6 21. Rad1 Bc5
22. g3 Qb6 23. Rd5 Rxd5 24. exd5 f5 25. c4 Qd6 26. Kg2 e4 27. Bh5 Rf7 28. Bxg6
Qxg6 29. f4 exf3+ 30. Rxf3 b6 31. Qd3 Qg5 32. Bd4 Bxd4 33. Qxd4 Re7 34. d6 Re4
35. Qd5+ Kh7 36. Qxf5+ Qxf5 37. Rxf5 Rxc4 38. Rd5 Rc8 39. Kf3 Kg6 40. Ke4 Kf6
41. d7 Rd8 42. Rd6+ Ke7 43. Rxb6 Rxd7 44. Ra6 Rc7 45. Rxa5 Rc3 46. Kf4 Rc4+ 47.
Kf3 Rc3+ 48. Kg4 Rc4+ 49. Kh5 Kf7 50. b6 Kg8 51. b7 Kh7 52. g4 Rc3 53. g5 g6+
54. Kg4 h5+ 55. Kf4 Rc4+ 56. Ke3 Rc3+ 57. Kd4 1-0